| 000 | 01354nam a2200205 a 4500 | ||
|---|---|---|---|
| 008 | 130730s2011 ||||||||||||||||| || u | ||
| 050 | _aCOMESA(058) | ||
| 110 | _aCommon Market for Eastern and Southern Africa (COMESA) | ||
| 245 | 1 | 0 |
_aCOMESA climate change initiative: progress and prospects, 2008 - 2011 _cby Common Market for Eastern and Southern [COMESA] |
| 260 |
_aLusaka: _bCommon Market for Eastern and Southern Africa (COMESA) _c2011 |
||
| 300 | _a9p.: ill. | ||
| 362 | 1 | _a<p>2008 - 2011</p> | |
| 650 | _aENVIRONMENTAL ASPECTS--DEVELOPING COUNTRIES | ||
| 650 | _aCLIMATE CHANGES--COMESA REGION | ||
| 995 |
_aSPECIAL COLLECTIONS _e821 _FCBU-MAIN LIBRARY (Kitwe) _jCOMESA(058)CCI/2011C _M3 _UAVAILABLE _WJul 31, 2013 _yB821 _ZInternational Publications |
||
| 995 |
_aSPECIAL COLLECTIONS _e820 _FCBU-MAIN LIBRARY (Kitwe) _jCOMESA(058)CCI/2011B _M2 _UAVAILABLE _WJul 31, 2013 _yB820 _ZInternational Publications |
||
| 995 |
_aSPECIAL COLLECTIONS _e822 _FCBU-MAIN LIBRARY (Kitwe) _jCOMESA(058)CCI/2011D _M4 _UAVAILABLE _WJul 31, 2013 _yB822 _ZInternational Publications |
||
| 995 |
_aSPECIAL COLLECTIONS _e819 _FCBU-MAIN LIBRARY (Kitwe) _jCOMESA(058)CCI/2011A _M1 _UAVAILABLE _WJul 31, 2013 _yB819 _ZInternational Publications |
||
| 995 |
_aSPECIAL COLLECTIONS _e823 _FCBU-MAIN LIBRARY (Kitwe) _jCOMESA(058)CCI/2011E _M5 _UAVAILABLE _WJul 31, 2013 _yB823 _ZInternational Publications |
||
| 999 |
_c79483 _d79483 |
||